أسرار الإنفصال مصر .. وسوريا / (Record no. 14531)
[ view plain ]
| 000 -الفاتح | |
|---|---|
| حقل البيانات ثابتة الطول | 00997nam a22002177a 4500 |
| 008 - عناصر البيانات ثابتة الطول - معلومات عامة | |
| حقل البيانات ثابتة الطول | 100722s1989 xxu||||| |||| 00| 0 ara d |
| 020 ## - الرقم الدولى المعيارى للكتب | |
| الرقم الدولى المعيارى للكتاب | 977090046x |
| 082 ## - رقم تصنيف ديوى العشرى | |
| رقم الطبعة | 22 |
| رقم التصنيف | 327.620 |
| رقم المادة | ع ص ا |
| 100 1# - المدخل الرئيسى - إسم شخصى | |
| 9 (RLIN) | 16668 |
| الإسم الشخصى | عصاصة ، سامى |
| 245 ## - بيان العنوان | |
| العنوان | أسرار الإنفصال مصر .. وسوريا / |
| بيان المسئوليه,etc | سامى عصاصة |
| 260 ## - PUBLICATION, DISTRIBUTION, ETC. (IMPRINT) | |
| مكان الناشر او الموزع | القاهرة : |
| اسم الناشر او الموزع | مؤسسة دار الشعب ، |
| تاريخ النشر أو التوزيع | 1989. |
| 300 ## - الوصف المادى | |
| التعداد | 406 ص ؛ |
| أبعاد الوعاء | 24 سم. |
| 490 ## - بيان السلسلة | |
| -- | 16672 |
| عنوان السلسلة | مطبوعات الشعب |
| -- | ثقافة وعلوم إنسانية لكل الشعب |
| 504 ## - تبصرة ببليوجرافية | |
| تبصرة ببليوجرافية,الخ | يشتمل على إرجاعات ببليوجرافية |
| 541 ## - تبصرة المصدر المباشر للتزويد | |
| مصدر التزويد | ألف باء ؛ |
| طريقة التزويد | شراء ؛ |
| 650 ## - المدخل الاضافى بالموضوع-مصطلح موضوعى | |
| 9 (RLIN) | 16677 |
| مصطلح موضوعي أو اسم جغرافي كعنصر مدخل | مصر |
| التقسيم الفرعي العام | تاريخ |
| التقسيم الفرعي الزمني | العصر الحديث|الوحدة مع سوريا |
| 650 ## - المدخل الاضافى بالموضوع-مصطلح موضوعى | |
| 9 (RLIN) | 16679 |
| مصطلح موضوعي أو اسم جغرافي كعنصر مدخل | مصر |
| التقسيم الفرعي العام | تاريخ |
| التقسيم الفرعي الزمني | العصر الحديث|الوحدة مع مصر |
| 650 ## - المدخل الاضافى بالموضوع-مصطلح موضوعى | |
| 9 (RLIN) | 16683 |
| مصطلح موضوعي أو اسم جغرافي كعنصر مدخل | سوريا |
| التقسيم الفرعي العام | علاقات خارجية |
| التقسيم الفرعي الجغرافي | مصر |
| 650 ## - المدخل الاضافى بالموضوع-مصطلح موضوعى | |
| 9 (RLIN) | 16681 |
| مصطلح موضوعي أو اسم جغرافي كعنصر مدخل | مصر |
| التقسيم الفرعي العام | علاقات خارجية |
| التقسيم الفرعي الجغرافي | سوريا |
| 942 ## - عناصر المدخل الإضافي( كوها) | |
| مصدر التصنيف او مخطط الترفيف | Dewey Decimal Classification |
| Koha [default] item type | Book - Borrowing |
| حالة التراجع | حالة الفقد | مصدر التصنيف او خطة الترفيف | حالة تلف | ليس للاعارة | مجموعات كوها | المكان الدائم | المكان الحالي | موقع الترفيف | تاريخ الاكتساب | Source of acquisition | رقم الاستدعاء | الباركود | Date last seen | مُعار | نوع الوعاء |
|---|---|---|---|---|---|---|---|---|---|---|---|---|---|---|---|
| Dewey Decimal Classification | Alef-Baa | Central Library | Central Library | First floor | 22/07/2010 | 327.620 ع ص ا | 000021579 | 15/07/2025 | 17/05/2012 | Book - Borrowing |